000 00652nam a2200217Ia 4500
005 20230121105949.0
008 131103s9999 xx 000 0 und d
020 _cRs.40.00
040 _aLoreto College
041 _aEnglish
082 _a954.01
_bDUT
100 _aDutt,Romesh hunder
245 2 _aA History of civilisation in ancient India;Vol
_b1 : Based on Sanskrit literature
_cRomesh Chunder Dutt
260 _aDelhi
_bVishal Publishers
_c1972
300 _axxii,390p
504 _aVol.1 - B.C.2000 to 320;Vol. II - B.C.320 to 1000
650 _aIndian History - Ancient Period
651 _aHistory
850 _aLCLIB
942 _cBK
999 _c18944
_d69423